000 00593nam a2200241Ia 4500
005 20260123164118.0
008 008 260114s9999 xx 000 0 eng d
020 _a9789390669554
037 _aEBOOK
040 _aCRL
040 _beng
040 _cCRL
041 _2eng
041 _aeng
084 _qCRL
100 _aMukherjee/Ramaswamy
_91106058
245 0 _aHistory of political thought, a: plato to marx, 2e
260 _bPHI
856 _uhttps://elibrary.phindia.com/ebooks/reader/9789390669554
942 _cEBOOK
999 _c1671181
_d1671181